| 000 | 01238cam a2200217 4500 | ||
|---|---|---|---|
| 001 | ##L134351 | ||
| 008 | 060728n2006 000 0 eng u | ||
| 020 | _a0755961269 | ||
| 035 | _a(Sirsi) u134351 | ||
| 041 | 0 | _aeng | |
| 050 | 0 | 4 | _a711.4 $2 18 |
| 110 | 1 |
_aScotland _bScottish Executive Development Department |
|
| 245 | 0 | 0 |
_aCommunity engagement 'planning with people' _bconsultation draft |
| 260 |
_aEdinburgh _bScottish Executive _c2006 |
||
| 520 | _aConsults on the draft Planning Advice Note (PAN) on community engagement, the first time the Scottish Executive has sought to issue advice to local authorities and developers on how communities should be properly engaged by them in the planning process. Once finalised, the new PAN will show how everyone can participate in shaping the future of their area and what communities can expect from the new planning process. Responses are required by 13 October 2006. | ||
| 590 | _aIKA010806 | ||
| 651 | 4 |
_aScotland _y1999- |
|
| 690 | _aENVIRONMENTAL AND LAND CONSULTANCY-PLANNING AND DEVELOPMENT-PLANNING GUIDANCE | ||
| 856 | 4 | 0 |
_uhttps://www.scotland.gov.uk/Publications/2006/07/14093848/0 _zView the draft consultation of free of charge at www.scotland .gov.uk... |
| 942 | _n0 | ||
| 999 |
_c105654 _d105654 |
||